Clubs de football commençant par les lettres X et Y - Statistiques

Statistiques générales
  • Ce quiz a été pris 167 fois
  • Le résultat moyen est 1 sur 5
Statistiques - réponses
Par images Réponse % Correct
Young Boys Berne
99%
Yverdon-Sport
20%
Yokohama
10%
Xanthi
6%
Yeni Malatyaspor
6%
Aucun quiz correspondant
Distribution des résultats
% des personnes avec chaque résultat
Percentile par nombre de réponses
Votre historique - résultats
Vous n’avez pas pris ce quiz